Spôsoby vyrovnania (zániku) daňového nedoplatku v roku 2018

Základné pojmy súvisiace s daňovým nedoplatkom. Vymáhanie, zánik daňového nedoplatku. Premlčanie a zánik práva vymáhať nedoplatok. Daňové exekučné konanie. Zánik daňového nedoplatku odpustením alebo povolením úľavy. Príklady z praxe.

Salvato in:
Dettagli Bibliografici
Autore principale: Jurčíková, Božena
Natura: Capitolo di libro
Lingua:slovacco
Soggetti:
Tags: Aggiungi Tag
Nessun Tag, puoi essere il primo ad aggiungerne!!

MARC

LEADER 00000naa a2200000 4500
001 0246500
005 20180719110830.6
041 0 |a slo 
044 |a SK 
245 1 0 |a Spôsoby vyrovnania (zániku) daňového nedoplatku v roku 2018  |c Božena Jurčíková 
520 |a Základné pojmy súvisiace s daňovým nedoplatkom. Vymáhanie, zánik daňového nedoplatku. Premlčanie a zánik práva vymáhať nedoplatok. Daňové exekučné konanie. Zánik daňového nedoplatku odpustením alebo povolením úľavy. Príklady z praxe. 
610 2 0 |a poriadok daňový 
610 2 0 |a Slovensko 
610 2 0 |a nedoplatky 
610 2 0 |a vyrovnanie daňové 
610 2 0 |a definície 
100 1 |a Jurčíková, Božena